[Event "Ch Greece (juniors) (under 14) (g)"]
[Site "masterchessopen.com Kallithea (Greece)"]
[Date "2008.07.01"]
[Round "5"]
[White "Papathanasiou Ageliki (GRE)"]
[Black "Androni Konstantina (GRE)"]
[Result "0-1"]
[WhiteElo "1866"]
[BlackElo "1803"]

1.d4 d5 2.c4 dxc4 3.Nf3 Nf6 4.e3 e6 5.Bxc4 c5 6.O-O a6 7.Bb3 Be7 8.Qe2 Nc6
9.Rd1 cxd4 10.Nxd4 Nxd4 11.exd4 O-O 12.Nc3 Re8 13.d5 e5 14.Bg5 e4 15.h3 h6
16.Bh4 Qb6 17.Nxe4 Bf5 18.Bxf6 Bc5 19.Qd2 Bxe4 20.Bh4 Qg6 21.Bg3 Qxg3 {#R} 0-1

[Event "Ch Poland (team) (juniors) (extraliga)"]
[Site "masterchessopen.com Gorzow Wielkopolski (Poland)"]
[Date "2008.07.10"]
[Round "6"]
[White "Radziewicz Katarzyna (POL)"]
[Black "Nowak Malgorzata (POL)"]
[Result "0-1"]
[WhiteElo "1917"]
[BlackElo "2082"]

1.d4 d5 2.c4 dxc4 3.Nf3 Nf6 4.e3 e6 5.Bxc4 c5 6.O-O a6 7.Bb3 cxd4 8.exd4 Nc6
9.Bg5 Be7 10.Nc3 O-O 11.Re1 Re8 12.Rc1 Na5 13.Bc2 b5 14.Ne5 Ra7 15.Qd3 g6
16.Re3 Nd5 17.Bxe7 Raxe7 18.Nxd5 Qxd5 19.Rg3 Nc6 20.Ng4 Qxd4 21.Qf3 Qxb2
22.Nf6+ Kg7 23.Nxe8+ Rxe8 {#R} 0-1

[Event "It (open)"]
[Site "masterchessopen.com La Massana (Andorra)"]
[Date "2008.07.19"]
[Round "1"]
[White "Marin Mihail (ROM)"]
[Black "Taylor Bowd P"]
[Result "1-0"]
[WhiteElo "2556"]
[BlackElo "2058"]

1.d4 d5 2.c4 dxc4 3.e3 Nf6 4.Bxc4 e6 5.Nf3 c5 6.O-O a6 7.Nc3 b5 8.Bb3 Bb7 9.e4
b4 10.Ba4+ Nfd7 11.d5 bxc3 12.Qb3 Ra7 13.dxe6 fxe6 14.Qxe6+ Be7 15.Ne5 Rf8
16.Bg5 cxb2 17.Rad1 Bc8 18.Nc4 {#r} 1-0

[Event "Ch Russia (club) (juniors) (under 18)"]
[Site "masterchessopen.com Rybinsk (Russia)"]
[Date "2008.08.08"]
[Round "7"]
[White "Dubov Daniil (RUS)"]
[Black "Bazeev German (RUS)"]
[Result "1-0"]
[WhiteElo "2284"]
[BlackElo "2174"]

1.d4 d5 2.c4 dxc4 3.Nf3 Nf6 4.e3 e6 5.Bxc4 c5 6.O-O a6 7.a4 Nc6 8.Qe2 Qc7
9.Rd1 Bd6 10.dxc5 Bxc5 11.b3 e5 12.Nc3 Bg4 13.Nd5 Nxd5 14.Bxd5 Qe7 15.Qc4 Bh5
16.Bxc6+ bxc6 17.Ba3 {#r} 1-0

[Event "It (open)"]
[Site "masterchessopen.com Heraklion (Greece)"]
[Date "2008.08.24"]
[Round "2"]
[White "Pein Malcolm (ENG)"]
[Black "Makropoulos Ioannis (GRE)"]
[Result "1-0"]
[WhiteElo "2394"]
[BlackElo "1860"]

1.d4 d5 2.Nf3 Nf6 3.c4 dxc4 4.e3 e6 5.Bxc4 c5 6.O-O a6 7.dxc5 Qxd1 8.Rxd1 Bxc5
9.b3 Nc6 10.Bb2 Ke7 11.Nbd2 Rd8 12.Rac1 b6 13.Ng5 Bb4 14.Nge4 Bb7 15.a3 Bxd2
16.Nxd2 Rac8 17.Be2 Na5 18.Rxc8 Rxc8 19.b4 Nc6 20.Nc4 b5 21.Nd6 Ba8 22.Nxc8+
{#r} 1-0

[Event "Ch Commonwealth"]
[Site "masterchessopen.com Nagpur (India)"]
[Date "2008.09.28"]
[Round "1"]
[White "Joshi Pankaj (IND)"]
[Black "Ashwini U (IND)"]
[Result "1-0"]
[WhiteElo "2272"]
[BlackElo "1681"]

1.d4 d5 2.c4 dxc4 3.Nf3 Nf6 4.e3 e6 5.Bxc4 c5 6.O-O a6 7.a4 Nc6 8.Qe2 cxd4
9.Rd1 Be7 10.exd4 O-O 11.Nc3 Nb4 12.Ne5 Nbd5 13.Rd3 Nb6 14.Bb3 Re8 15.a5 Nbd5
16.Rg3 Bf8 17.Bg5 Qc7 18.Qf3 Kh8 19.Nxd5 Nxd5 20.Rc1 Qxa5 21.Qxf7 Qb5 22.Ng6+
hxg6 23.Rh3# 1-0

[Event "Ch Commonwealth"]
[Site "masterchessopen.com Nagpur (India)"]
[Date "2008.09.30"]
[Round "3"]
[White "Anurag Mhamal (IND)"]
[Black "Hetul Shah (IND)"]
[Result "1-0"]
[WhiteElo "2143"]
[BlackElo "1821"]

1.d4 d5 2.Nf3 Nf6 3.c4 dxc4 4.e3 e6 5.Bxc4 c5 6.O-O a6 7.a4 Nc6 8.Nc3 Be7
9.Qe2 O-O 10.Rd1 cxd4 11.exd4 Nd5 12.Ne5 Bf6 13.Nxc6 bxc6 14.Ne4 Re8 15.Ra3
Qe7 16.Rf3 Kh8 17.Nxf6 gxf6 18.Rh3 f5 19.Bxd5 cxd5 20.Rdd3 Bd7 21.Rxh7+ Kxh7
22.Qh5+ Kg8 23.Rg3+ Qg5 24.Bxg5 Kf8 25.Qh8# 1-0

[Event "It (cat.7)"]
[Site "masterchessopen.com Khmelnitsky (Ukraine)"]
[Date "2008.10.03"]
[Round "12"]
[White "Lutsko Igor (BLR)"]
[Black "Nyzhnyk Illya (UKR)"]
[Result "0-1"]
[WhiteElo "2413"]
[BlackElo "2444"]

1.d4 d5 2.Nf3 Nf6 3.c4 dxc4 4.e3 e6 5.Bxc4 c5 6.O-O a6 7.Bb3 Nbd7 8.Nc3 Qc7
9.Qe2 b5 10.e4 cxd4 11.Nxd4 Bb7 12.Bg5 Bd6 13.Bxe6 Bxh2+ 14.Kh1 Be5 15.Nd5
Nxd5 16.exd5 O-O 17.Rac1 Qb6 18.Bxd7 Bxd4 19.Bc6 Rac8 20.Be7 Rfe8 21.Bxb7 Rxc1
22.Rxc1 Qh6+ 23.Kg1 Qxc1+ 24.Kh2 Qc7+ {#R} 0-1

[Event "World Mindsports Games (Blitz Team)"]
[Site "masterchessopen.com Beijing (China)"]
[Date "2008.10.13"]
[Round "2"]
[White "Korobov Anton (UKR)"]
[Black "Rasmussen Allan Stig (DEN)"]
[Result "1-0"]
[WhiteElo "2605"]
[BlackElo "2513"]

1.d4 d5 2.c4 dxc4 3.e3 Nf6 4.Bxc4 e6 5.Nf3 c5 6.O-O a6 7.Bb3 cxd4 8.exd4 Nc6
9.Nc3 Be7 10.Bg5 O-O 11.Qd2 Na5 12.Bc2 b5 13.Qf4 g6 14.Qh4 Bb7 15.d5 b4
16.Rad1 h6 17.Qxh6 bxc3 18.d6 Bxd6 19.Rxd6 Qe7 20.Rd7 {#r} 1-0

[Event "Tournament (Elo) (a)"]
[Site "masterchessopen.com Budapest (Hungary)"]
[Date "2008.10.14"]
[Round "11"]
[White "Ignacz Rozsa (HUN)"]
[Black "Cilia Vincenti David (MLT)"]
[Result "1-0"]
[WhiteElo "2061"]
[BlackElo "2108"]

1.d4 d5 2.c4 dxc4 3.Nf3 Nf6 4.e3 e6 5.Bxc4 c5 6.O-O a6 7.dxc5 Qxd1 8.Rxd1 Bxc5
9.b3 Nbd7 10.Bb2 b6 11.Nbd2 Bb7 12.Rac1 O-O 13.Be2 Rfc8 14.Nc4 Kf8 15.Nfe5
Nxe5 16.Bxe5 Ke7 17.b4 Bxb4 18.Nxb6 Rxc1 19.Rxc1 {#r} 1-0

[Event "It (open)"]
[Site "masterchessopen.com Obrenovac (Serbia)"]
[Date "2008.11.05"]
[Round "9"]
[White "Posedaru Bogdan (ROM)"]
[Black "Ostojic Nikola (SRB)"]
[Result "0-1"]
[WhiteElo "2212"]
[BlackElo "2398"]

1.d4 d5 2.c4 dxc4 3.Nf3 e6 4.e3 c5 5.Bxc4 Nf6 6.O-O a6 7.Bb3 cxd4 8.exd4 Nc6
9.Nc3 Be7 10.Bg5 O-O 11.a3 b5 12.Bc2 Bb7 13.Qd3 g6 14.Rad1 Re8 15.Rfe1 Rc8
16.Bb1 b4 17.Na4 bxa3 18.bxa3 Nd5 19.Nc5 Ba8 20.Bxe7 Qxe7 21.Rc1 a5 22.Ba2
Red8 23.Na4 {#R} 0-1

[Event "It (open)"]
[Site "masterchessopen.com Figueira da Foz (Portugal)"]
[Date "2008.12.01"]
[Round "2"]
[White "Petkov Vladimir (BUL)"]
[Black "Fanha Paulo (POR)"]
[Result "1-0"]
[WhiteElo "2484"]
[BlackElo "2023"]

1.d4 d5 2.c4 dxc4 3.Nf3 Nf6 4.e3 e6 5.Bxc4 c5 6.O-O a6 7.Bb3 Nc6 8.Qe2 cxd4
9.Rd1 Be7 10.exd4 O-O 11.Nc3 Nb4 12.Ne5 Nbd5 13.Rd3 Qd6 14.Rg3 Rd8 15.Bh6 Bf8
16.Qf3 Nxc3 17.bxc3 Qe7 18.Bg5 Kh8 19.Bc2 h6 20.Bxf6 gxf6 21.Qg4 {#r} 1-0

[Event "Ch France (team) (nat.2) 2008/09"]
[Site "masterchessopen.com France"]
[Date "2008.12.14"]
[Round "4"]
[White "Debray Francois (FRA)"]
[Black "Ivanov Jordan (BUL)"]
[Result "0-1"]
[WhiteElo "2135"]
[BlackElo "2428"]

1.d4 d5 2.c4 dxc4 3.Nf3 Nf6 4.e3 e6 5.Bxc4 c5 6.O-O a6 7.Bb3 Nc6 8.Re1 Be7
9.a4 O-O 10.Nc3 Qc7 11.Qe2 Rd8 12.Rd1 b6 13.h3 Bb7 14.dxc5 Rxd1+ 15.Bxd1 Bxc5
16.Bc2 Rd8 17.Ne4 Be7 18.Qc4 Nd5 19.Bd2 Ncb4 20.Qxc7 Nxc7 21.Bxb4 Bxb4 22.Ne5
f6 23.Nc4 b5 24.axb5 axb5 25.Ra7 Bxe4 26.Bxe4 bxc4 {#R} 0-1

[Event "Cup Rilton"]
[Site "masterchessopen.com Stockholm (Sweden)"]
[Date "2008.12.30"]
[Round "4"]
[White "Akesson Ralf (SWE)"]
[Black "Semcesen Daniel (SWE)"]
[Result "1-0"]
[WhiteElo "2484"]
[BlackElo "2402"]

1.d4 d5 2.c4 dxc4 3.Nf3 Nf6 4.e3 e6 5.Bxc4 c5 6.O-O a6 7.b3 cxd4 8.Nxd4 Bd7
9.Bb2 Nc6 10.Nf3 Be7 11.Nbd2 O-O 12.Rc1 Rc8 13.a3 b5 14.Bd3 Qb6 15.Ng5 Rfd8
16.Bxf6 Bxf6 17.Bxh7+ Kf8 18.Qh5 Be8 19.Ndf3 Bb2 20.Rc2 Bxa3 21.Bg6 {#r} 1-0

[Event "Cup Rilton"]
[Site "masterchessopen.com Stockholm (Sweden)"]
[Date "2008.12.30"]
[Round "4"]
[White "Bellon Lopez Juan Manuel (ESP)"]
[Black "Sisatto Olli (FIN)"]
[Result "1-0"]
[WhiteElo "2440"]
[BlackElo "2281"]

1.d4 d5 2.c4 dxc4 3.Nf3 Nf6 4.e3 e6 5.Bxc4 c5 6.O-O a6 7.Bb3 b5 8.a4 b4 9.Nbd2
Be7 10.e4 cxd4 11.e5 Nfd7 12.Nc4 Nc6 13.Bf4 Nc5 14.Rc1 O-O 15.Ba2 Bb7 16.Nd6
Bxd6 17.exd6 e5 18.Nxe5 Nxe5 19.Rxc5 Ng6 20.Bg3 Qf6 21.Rc7 Rab8 22.Re1 Nf4
23.Bxf4 Qxf4 24.Ree7 b3 25.Bxb3 {#r} 1-0

[Event "Memorial T.Petrosian (juniors)"]
[Site "masterchessopen.com Moscow (Russia)"]
[Round "3"]
[White "Demidov Mikhail (RUS)"]
[Black "Antonov Alexandr (RUS)"]
[Result "1-0"]
[WhiteElo "2351"]
[BlackElo "2309"]

1.d4 Nf6 2.Nf3 d5 3.c4 dxc4 4.e3 e6 5.Bxc4 c5 6.O-O a6 7.a4 Nc6 8.Qe2 cxd4
9.Rd1 Qc7 10.exd4 Nb4 11.Nc3 Be7 12.Bg5 O-O 13.Rac1 Re8 14.Ne5 Nc6 15.Ba2 Qb6
16.Nc4 Qa7 17.Be3 Nb4 18.d5 Bc5 19.Nd6 Re7 20.Bxc5 Qxc5 21.Nce4 Nxe4 22.Rxc5
Nxc5 23.Qc4 Nbd3 24.b4 Bd7 25.bxc5 Nb2 26.Qh4 {#r} 1-0

[Event "It (open)"]
[Site "masterchessopen.com Bosnjaci (Croatia)"]
[Date "2009.01.03"]
[Round "1"]
[White "Martinovic Sasa (CRO)"]
[Black "Cupic Lovro (CRO)"]
[Result "1-0"]
[WhiteElo "2525"]
[BlackElo "1968"]

1.d4 d5 2.c4 dxc4 3.Nf3 Nf6 4.e3 e6 5.Bxc4 c5 6.O-O a6 7.Bb3 Nc6 8.Nc3 Be7
9.Qe2 cxd4 10.Rd1 O-O 11.exd4 Nd5 12.Bc2 Ncb4 13.Bb1 Bd7 14.a3 Nxc3 15.bxc3
Nd5 16.Qd3 Nf6 17.Bg5 Re8 18.Bxf6 Bxf6 19.Qxh7+ Kf8 20.Be4 Qc7 21.Rab1 Rab8
22.Ne5 Ke7 23.Qh5 g6 24.Qf3 Bc8 25.Qf4 Qd6 26.Nc6+ {#r} 1-0

[Event "It (cat.4)"]
[Site "masterchessopen.com Nancy (France)"]
[Date "2009.02.19"]
[Round "5"]
[White "Marzolo Cyril (FRA)"]
[Black "Wiley Tom E (ENG)"]
[Result "1-0"]
[WhiteElo "2443"]
[BlackElo "2287"]

1.d4 d5 2.Nf3 Nf6 3.c4 dxc4 4.e3 e6 5.Bxc4 c5 6.O-O a6 7.Bb3 b5 8.a4 b4 9.a5
Nc6 10.Ba4 Bd7 11.Nbd2 cxd4 12.Nc4 Rb8 13.exd4 Be7 14.Nb6 Rxb6 15.axb6 Qxb6
16.Ne5 O-O 17.Nxd7 Nxd7 18.d5 exd5 19.Qxd5 Ndb8 20.Be3 Qb7 21.Rfc1 Rc8 22.Rc4
{#r} 1-0

[Event "Ch France (team) (nat.1) 2008/09"]
[Site "masterchessopen.com France"]
[Date "2009.04.05"]
[Round "11"]
[White "Vojinovic Goran (SRB)"]
[Black "David Vincent (FRA)"]
[Result "1-0"]
[WhiteElo "2455"]
[BlackElo "2399"]

1.Nf3 d5 2.c4 dxc4 3.e3 Nf6 4.Bxc4 e6 5.d4 c5 6.O-O a6 7.dxc5 Bxc5 8.Qxd8+
Kxd8 9.Nbd2 Ke7 10.Be2 Bd7 11.Nb3 Bb6 12.Ne5 Bb5 13.Nc4 Bxc4 14.Bxc4 Nc6
15.Rd1 Ne4 16.Be2 Rhd8 17.Kf1 Ne5 18.Nd2 Nd6 19.Nf3 Nc6 20.b3 Ke8 21.Re1 f6
22.Bd3 Kf7 {#r} 1-0

[Event "It \"]
[Site "masterchessopen.com Frydek-Mistek (Czech Republic)"]
[Date "2009.04.12"]
[Round "8"]
[White "Bernasek Jan (CZE)"]
[Black "Snorek Milan (CZE)"]
[Result "0-1"]
[WhiteElo "2470"]
[BlackElo "2172"]

1.d4 d5 2.c4 dxc4 3.Nf3 Nf6 4.e3 e6 5.Bxc4 c5 6.O-O a6 7.Bb3 Nc6 8.Nc3 Qc7
9.a3 Bd6 10.dxc5 Bxc5 11.e4 Ng4 {#R} 0-1

[Event "Ch France (juniors)"]
[Site "masterchessopen.com Aix les Bains (France)"]
[Date "2009.04.26"]
[Round "9"]
[White "Guilleux Fabien (FRA)"]
[Black "Bressac Stephane (FRA)"]
[Result "1-0"]
[WhiteElo "2381"]
[BlackElo "2184"]

1.d4 d5 2.Nf3 Nf6 3.c4 dxc4 4.e3 e6 5.Bxc4 c5 6.O-O a6 7.Bb3 b5 8.a4 b4 9.e4
Be7 10.e5 Nd5 11.Nbd2 Nc6 12.Nc4 h6 13.a5 Qc7 14.Re1 Bb7 15.dxc5 O-O 16.Nb6
Rad8 17.Nxd5 exd5 18.Qd3 f5 19.exf6 Bxf6 20.Bc2 g5 21.h4 g4 22.Bxh6 gxf3
23.Qg6+ Kh8 24.Bxf8 Rxf8 25.Re8 {#r} 1-0

[Event "Tournament (Elo)"]
[Site "masterchessopen.com Goiania (Brazil)"]
[Date "2009.04.26"]
[Round "5"]
[White "Wilhelms Diego Lima (BRA)"]
[Black "Batista Tiago"]
[Result "1-0"]
[WhiteElo "2126"]
[BlackElo "2068"]

1.d4 d5 2.c4 dxc4 3.Nf3 Nf6 4.e3 e6 5.Bxc4 c5 6.O-O a6 7.a4 cxd4 8.exd4 Be7
9.Qe2 O-O 10.Nc3 Nbd7 11.Bg5 Nb6 12.Ba2 Re8 13.Rad1 Nbd5 14.Rfe1 Nxc3 15.bxc3
Qa5 16.Ne5 Nd5 17.Bb1 g6 18.Bd2 Qxa4 19.Qf3 Nf6 20.Bg5 Kg7 21.Qf4 Bd7 22.Rd3
Bc6 23.Nxc6 Nh5 24.Bh6+ Kh8 25.Qxf7 Qxc6 26.Rh3 {#r} 1-0

[Event "Cup Limpedea (cat.9)"]
[Site "masterchessopen.com Baia Sprie (Romania)"]
[Date "2009.05.13"]
[Round "3"]
[White "Petkov Vladimir (BUL)"]
[Black "Bonte Andrei (ROM)"]
[Result "1-0"]
[WhiteElo "2429"]
[BlackElo "2300"]

1.d4 d5 2.c4 dxc4 3.Nf3 Nf6 4.e3 e6 5.Bxc4 c5 6.O-O a6 7.Bb3 Nc6 8.Nc3 Be7
9.Qe2 cxd4 10.Rd1 O-O 11.exd4 Na5 12.Bc2 b5 13.Bg5 Bb7 14.Ne5 Rc8 15.Rd3 b4
16.Na4 Be4 17.Bxf6 Bxf6 18.Qxe4 Rxc2 19.Rh3 {#r} 1-0

[Event "Ch City (open)"]
[Site "masterchessopen.com Hamburg (Germany)"]
[Date "2009.06.06"]
[Round "8"]
[White "Ftacnik Lubomir (SVK)"]
[Black "Berg Klaus (DEN)"]
[Result "1-0"]
[WhiteElo "2525"]
[BlackElo "2432"]

1.Nf3 d5 2.d4 Nf6 3.c4 dxc4 4.e3 e6 5.Bxc4 c5 6.O-O a6 7.Bb3 Nc6 8.Nc3 cxd4
9.exd4 Be7 10.Bg5 O-O 11.Qd2 Qd6 12.Rad1 b5 13.d5 exd5 14.Nxd5 Kh8 15.Nxe7
Qxe7 16.Qc3 Nd8 17.Rfe1 Ne6 18.Ne5 b4 19.Qg3 h6 20.Qh4 Kg8 21.Nc6 Qc5 22.Bxf6
gxf6 23.Qxf6 {#r} 1-0

[Event "It (open)"]
[Site "masterchessopen.com Bhubaneswar (India)"]
[Date "2009.06.07"]
[Round "1"]
[White "Kuzubov Yuriy (UKR)"]
[Black "Atishay Ajmera (IND)"]
[Result "1-0"]
[WhiteElo "2635"]
[BlackElo "1987"]

1.d4 d5 2.c4 dxc4 3.Nf3 Nf6 4.e3 e6 5.Bxc4 c5 6.O-O a6 7.Bb3 Nc6 8.Qe2 cxd4
9.Rd1 Be7 10.exd4 O-O 11.Nc3 Nb4 12.Bg5 Nbd5 13.Rac1 Re8 14.Ne5 Qd6 15.Qf3 Bd7
16.Nxd5 exd5 17.Bf4 Qe6 18.Nxd7 Qxd7 19.Rc7 Qb5 20.Be5 Rac8 21.Rxe7 Rxe7
22.Bxf6 Rc3 23.Bc4 Qa4 24.b4 Qxb4 25.a4 Qxa4 {#r} 1-0

[Event "It (open)"]
[Site "masterchessopen.com Barbera (Spain)"]
[Date "2009.07.11"]
[Round "8"]
[White "Peralta Fernando (ARG)"]
[Black "Gonzalez Garcia Jose (MEX)"]
[Result "1-0"]
[WhiteElo "2545"]
[BlackElo "2509"]

1.d4 d5 2.c4 dxc4 3.Nf3 Nf6 4.e3 e6 5.Bxc4 c5 6.O-O a6 7.a4 Nc6 8.Qe2 Be7
9.Rd1 Qc7 10.Nc3 O-O 11.b3 Na5 12.Bb2 cxd4 13.exd4 Bd7 14.Rac1 Rfe8 15.Ne5 Bd6
16.Ne4 Bxe5 17.dxe5 Nxe4 18.Bxe6 Bc6 19.Rd7 Qb6 20.Bxf7+ Kh8 21.Bxe8 Rxe8
22.e6 Rg8 23.Qxe4 Bxe4 24.Rxg7 Nc6 25.Rxc6 {#r} 1-0

[Event "It (open)"]
[Site "masterchessopen.com Ptuj (Slovenia)"]
[Date "2009.08.07"]
[Round "7"]
[White "Makaj Marko (CRO)"]
[Black "Mazi Leon (SLO)"]
[Result "1-0"]
[WhiteElo "2336"]
[BlackElo "2362"]

1.d4 d5 2.c4 dxc4 3.Nf3 Nf6 4.e3 e6 5.Bxc4 c5 6.O-O a6 7.Bb3 Nc6 8.Nc3 cxd4
9.exd4 Be7 10.Re1 O-O 11.Bf4 Nb4 12.Be5 b6 13.a3 Nbd5 14.Nxd5 Nxd5 15.Qd3 Bb7
16.Bc2 g6 17.Qd2 Rc8 18.Qh6 f6 19.Bxg6 hxg6 20.Qxg6+ Kh8 21.Ng5 {#r} 1-0

[Event "Tournament (open) \"]
[Site "masterchessopen.com Uljanovsk (Russia)"]
[Date "2009.08.26"]
[Round "3"]
[White "Konopkin Alexey (RUS)"]
[Black "Mamedov Damir (RUS)"]
[Result "1-0"]
[WhiteElo "1866"]
[BlackElo "1531"]

1.d4 d5 2.c4 dxc4 3.Nf3 Nf6 4.e3 e6 5.Bxc4 c5 6.O-O a6 7.a4 Nc6 8.Nc3 cxd4
9.exd4 Bd6 10.Bg5 h6 11.Bh4 O-O 12.Qe2 Re8 13.Rad1 Bd7 14.Ne5 g5 15.Bg3 Qe7
16.f4 Nxd4 17.Rxd4 Bc5 18.Bf2 Bxd4 19.Bxd4 Nd5 20.Bxd5 exd5 21.Qh5 {#r} 1-0

[Event "It (open)"]
[Site "masterchessopen.com Nikaia (Greece)"]
[Date "2009.08.27"]
[Round "7"]
[White "Bagaturov Giorgi (GEO)"]
[Black "Georgiou Kostantinos (GRE)"]
[Result "1-0"]
[WhiteElo "2478"]
[BlackElo "2263"]

1.d4 d5 2.Nf3 Nf6 3.c4 dxc4 4.e3 e6 5.Bxc4 c5 6.O-O a6 7.Bb3 Nc6 8.Qe2 cxd4
9.Rd1 d3 10.Rxd3 Qc7 11.Nc3 Be7 12.e4 Ng4 13.h3 Nge5 14.Bf4 f6 15.Nd5 exd5
16.exd5 Nxf3+ 17.Qxf3 Ne5 18.Bxe5 Qxe5 19.d6 Bf5 20.Re3 Qxd6 21.Qxf5 g6 22.Qe4
Ra7 23.Rd1 Qc7 24.Qe6 {#r} 1-0

[Event "It (open) \"]
[Site "masterchessopen.com Khmelnitsky (Ukraine)"]
[Date "2009.09.25"]
[Round "4"]
[White "Kovalenko Igor (UKR)"]
[Black "Razin Vadim (UKR)"]
[Result "1-0"]
[WhiteElo "2465"]
[BlackElo "2278"]

1.d4 d5 2.c4 dxc4 3.Nf3 Nf6 4.e3 e6 5.Bxc4 c5 6.O-O a6 7.a4 Nc6 8.Nc3 Be7
9.dxc5 Qc7 10.e4 Bxc5 11.Qe2 b6 12.e5 Nd7 13.Bf4 h6 14.Rad1 Kf8 15.Bg3 Ne7
16.Rd2 Bb4 17.Rfd1 Bxc3 18.bxc3 g6 19.Nd4 Nc5 20.Qf3 Bb7 21.Qf6 Rh7 22.Nxe6+
Nxe6 23.Bxe6 Re8 24.Bd7 {#r} 1-0

[Event "Memorial Boskovic"]
[Site "masterchessopen.com Belgrade (Serbia)"]
[Date "2009.09.29"]
[Round "1"]
[White "Pavlovic Milos_ (SRB)"]
[Black "Todorovic Milos (SRB)"]
[Result "1-0"]
[WhiteElo "2533"]
[BlackElo "2106"]

1.d4 d5 2.c4 dxc4 3.Nf3 Nf6 4.e3 e6 5.Bxc4 c5 6.O-O a6 7.Bb3 Nc6 8.Qe2 cxd4
9.Rd1 Be7 10.Nxd4 Qb6 11.Nc3 Nxd4 12.exd4 O-O 13.d5 Rd8 14.Be3 Qa5 15.Bd4 Rd6
16.Bxf6 gxf6 17.Ne4 Rb6 18.d6 Bxd6 19.Nxd6 {#r} 1-0

[Event "It (open)"]
[Site "masterchessopen.com Zurich (Switzerland)"]
[Date "2009.12.26"]
[Round "1"]
[White "Bucher Michael (SUI)"]
[Black "Kohn Thomas (GER)"]
[Result "1-0"]
[WhiteElo "2268"]
[BlackElo "2000"]

1.d4 d5 2.Nf3 Nf6 3.c4 dxc4 4.e3 e6 5.Bxc4 c5 6.O-O a6 7.a4 Nc6 8.Nc3 cxd4
9.exd4 Be7 10.Bg5 O-O 11.Re1 Nb4 12.Ne5 Nfd5 13.Bxe7 Nxe7 14.Rc1 Bd7 15.Re3
Rc8 16.Rh3 Ned5 17.Qh5 Nf6 18.Qh4 Bc6 19.Ng4 {#r} 1-0

[Event "Ch Slovakia (team) 2009/10 (2 liga) (b)"]
[Site "masterchessopen.com Slovakia"]
[Date "2010.02.06"]
[Round "8"]
[White "Lancz Ondrej (SVK)"]
[Black "Szucs Vladimir (SVK)"]
[Result "1-0"]
[WhiteElo "2126"]
[BlackElo "2130"]

1.d4 d5 2.c4 dxc4 3.Nf3 Nf6 4.e3 e6 5.Bxc4 c5 6.O-O a6 7.a4 Nc6 8.Nc3 Be7
9.Qc2 cxd4 10.Rd1 e5 11.exd4 exd4 12.Ne2 O-O 13.Nexd4 Nxd4 14.Rxd4 Qa5 15.Bd2
Qb6 16.Re1 Bc5 17.a5 Qa7 18.Bc3 Bxd4 19.Bxd4 Qb8 20.Be5 Qa7 21.Ng5 h6 22.Bxf6
hxg5 23.Qg6 {#r} 1-0

[Event "Ch Belgium (team) 2009/10"]
[Site "masterchessopen.com Belgium"]
[Date "2010.02.28"]
[Round "9"]
[White "Van Hulle Yves (BEL)"]
[Black "Verlinde Tieme (BEL)"]
[Result "0-1"]
[WhiteElo "2076"]
[BlackElo "2214"]

1.d4 d5 2.c4 dxc4 3.Nf3 Nf6 4.e3 e6 5.Bxc4 c5 6.O-O a6 7.Bb3 Nc6 8.Nc3 Qc7
9.Qe2 Bd6 10.dxc5 Bxc5 11.e4 Ng4 12.h3 Nd4 {#R} 0-1

[Event "It (open)"]
[Site "masterchessopen.com Reykjavik (Iceland)"]
[Date "2010.02.28"]
[Round "6"]
[White "Gislason Gudmundur (ISL)"]
[Black "Nyzhnyk Illya (UKR)"]
[Result "0-1"]
[WhiteElo "2346"]
[BlackElo "2538"]

1.d4 Nf6 2.Nf3 d5 3.c4 dxc4 4.e3 e6 5.Bxc4 c5 6.O-O a6 7.Bb3 Nc6 8.Nc3 cxd4
9.exd4 Be7 10.Bg5 O-O 11.Qd2 Na5 12.Bc2 g6 13.Ne5 b5 14.Bh6 Re8 15.Qf4 Bb7
16.Ne4 Nc4 17.Bg5 Bxe4 18.Bxe4 Nxe4 19.Qxf7+ Kh8 20.Bh6 Bf6 21.Nc6 Qc8 22.Na7
Rxa7 23.Qxa7 Re7 {#R} 0-1

[Event "It \"]
[Site "masterchessopen.com Ulan Ude (Russia)"]
[Date "2010.06.07"]
[Round "4"]
[White "Iskusnyh Sergei (RUS)"]
[Black "Belozerov Andrei (RUS)"]
[Result "0-1"]
[WhiteElo "2465"]
[BlackElo "2501"]

1.d4 d5 2.c4 dxc4 3.e3 Nf6 4.Bxc4 e6 5.Nf3 c5 6.O-O a6 7.Bb3 b5 8.a4 c4 9.Bc2
Bb7 10.axb5 axb5 11.Rxa8 Bxa8 12.b3 cxb3 13.Bd3 b4 14.Ne5 Be7 15.Bb5+ Nfd7
16.d5 Bxd5 17.e4 Bxe4 18.Qg4 Bxb1 19.Qxg7 Rf8 20.Rd1 Qa5 21.Bxd7+ Nxd7 22.Nxd7
Bc2 23.Rd2 f6 24.Bb2 Qa2 25.Nxf6+ Rxf6 26.Bc1 Qb1 {#R} 0-1

[Event "Cup France (1/4 final)"]
[Site "masterchessopen.com Noyon (France)"]
[Date "2010.06.12"]
[Round "1"]
[White "Nguyen Chi-Minh (FRA)"]
[Black "Schweitzer Olaf (FRA)"]
[Result "1-0"]
[WhiteElo "2391"]
[BlackElo "2012"]

1.d4 d5 2.c4 dxc4 3.Nf3 Nf6 4.e3 e6 5.Bxc4 c5 6.O-O a6 7.Nc3 b5 8.Be2 Bb7 9.a3
Nbd7 10.dxc5 Nxc5 11.b4 Qxd1 12.Rxd1 Nb3 13.Rb1 Nxc1 14.Rbxc1 Rc8 15.Ne5 Be7
16.Nxb5 O-O 17.Nd4 Rfd8 18.Nec6 Bxc6 19.Nxc6 Rxd1+ 20.Bxd1 Bd6 21.Ne7+ {#r}
1-0

[Event "It (open)"]
[Site "masterchessopen.com Znin (Poland)"]
[Date "2010.06.29"]
[Round "5"]
[White "Jagodzinski Waldemar (POL)"]
[Black "Konieczynski Piotr (POL)"]
[Result "0-1"]
[WhiteElo "2050"]
[BlackElo "1958"]

1.d4 d5 2.Nf3 Nf6 3.c4 dxc4 4.e3 e6 5.Bxc4 c5 6.O-O a6 7.a4 Nc6 8.Nc3 Be7
9.dxc5 Bxc5 10.Qxd8+ Kxd8 11.Ng5 Ke7 12.Nge4 Nxe4 13.Nxe4 Bb4 14.Rd1 b6 15.Bd2
Bb7 16.Bxb4+ Nxb4 17.Nc3 Rac8 18.Be2 Rhd8 19.Rac1 Rxd1+ 20.Rxd1 Rd8 {#R} 0-1

[Event "Ch Croatia (juniors) (under 19)"]
[Site "masterchessopen.com Bjelolasica (Croatia)"]
[Date "2010.07.28"]
[Round "5"]
[White "Martinovic Sasa (CRO)"]
[Black "Rubil Marko (CRO)"]
[Result "1-0"]
[WhiteElo "2507"]
[BlackElo "2188"]

1.d4 d5 2.Nf3 Nf6 3.c4 dxc4 4.e3 e6 5.Bxc4 c5 6.O-O a6 7.Bb3 b5 8.a4 b4 9.e4
Bb7 10.e5 Nfd7 11.d5 exd5 12.Bxd5 Bxd5 13.Qxd5 Nb6 14.Qb7 N8d7 15.a5 Rb8
16.Qc6 Rc8 17.Qe4 Na8 18.e6 Nf6 19.exf7+ Kxf7 20.Ng5+ {#r} 1-0